000 00966nam a22002657a 4500
001 7450
003 FISKH
005 20250716103736.0
008 250716b cb ||||| |||| 00| 0 eng d
020 _a0875346456
040 _aFISKH
_beng
_cFISKH
_dFISKH
050 _aPZ5.A545
100 _aVarious
245 _aAnnika, the queen of light :
_band other stories of children around the world /
_cBy Various
260 _aColumbus, Ohio :
_bHighlights for Children, Inc. ,
_c1995.
300 _a95 pages :
_billustrations ;
_c19 cm .
490 _aHighlights Story Books
505 _aR
520 _aHere are 15 popular stories of children around the world from Highlights for Children. Characters from many countries and cultures fill this delightful collection with adventure, excitements, and friendship
521 8 _a750
_bLexile estimate
521 8 _aR
_bRaz-Plus
650 _aBlue
_vFiction
942 _2ddc
_cBK
_n0
999 _c7450
_d7450